Fiscal Policy in a Turbulent Era : (Record no. 1715131)
[ view plain ]
| 000 -LEADER | |
|---|---|
| fixed length control field | 00502 a2200181 4500 |
| 005 - DATE AND TIME OF LATEST TRANSACTION | |
| control field | 20260319131901.0 |
| 008 - FIXED-LENGTH DATA ELEMENTS--GENERAL INFORMATION | |
| fixed length control field | 260319b |||||||| |||| 00| 0 eng d |
| 020 ## - INTERNATIONAL STANDARD BOOK NUMBER | |
| International Standard Book Number | 9781035300556 |
| 040 ## - CATALOGING SOURCE | |
| Transcribing agency | SDCL |
| 041 ## - LANGUAGE CODE | |
| Source of code | eng |
| Language code of text/sound track or separate title | eng |
| 084 ## - COLON CLASSIFICATION NUMBER | |
| Classification number | X71 R4 |
| 245 ## - TITLE STATEMENT | |
| Title | Fiscal Policy in a Turbulent Era : |
| Remainder of title | Tectonic Shifts |
| 260 ## - PUBLICATION, DISTRIBUTION, ETC. | |
| Place of publication, distribution, etc. | William : |
| Name of publisher, distributor, etc. | Edward Elgar Publishing, |
| Date of publication, distribution, etc. | 2023. |
| 300 ## - PHYSICAL DESCRIPTION | |
| Extent | xix, 231p. |
| 490 ## - SERIES STATEMENT | |
| Series statement | In a Turbulent Era |
| 700 ## - ADDED ENTRY--PERSONAL NAME | |
| Personal name | Alberola, Enrique ed. |
| 942 ## - ADDED ENTRY ELEMENTS (KOHA) | |
| Koha item type | Textual |
| Source of classification or shelving scheme | Colon Classification (CC) |
| 700 ## - ADDED ENTRY--PERSONAL NAME | |
| -- | 1132561 |
| 999 ## - | |
| -- | 1715131 |
| -- | 1715131 |
| Withdrawn status | Lost status | Source of classification or shelving scheme | Damaged status | Not for loan | Home library | Current library | Date acquired | Source of acquisition | Cost, normal purchase price | Inventory number | Total checkouts | Full call number | Barcode | Date last seen | Cost, replacement price | Price effective from | Koha item type |
|---|---|---|---|---|---|---|---|---|---|---|---|---|---|---|---|---|---|
| Colon Classification (CC) | South Campus Library | South Campus Library | 2026-03-11 | 58 | 9882.23 | 71132 & 09/12/2025 | X71 R4 | SC1809511 | 2026-03-11 | 12352.79 | 2026-03-11 | Textual |
